[Event "DVM U16 2017"]
[Site "Walldorf GER"]
[Date "2017.12.29"]
[Round "6"]
[White "Bosch, Jonael"]
[Black "Lutterbach, Jakob"]
[Result "1/2-1/2"]
[Termination "normal"]
[Board "5.3"]
[WhiteElo "1569"]
[BlackElo "1581"]
[WhiteClock "00:01:42"]
[BlackClock "00:21:43"]
[WhiteTeam "SG Turm Leipzig"]
[BlackTeam "SK Bingen"]
[PlyCount "75"]
[WhiteFideId "16251253"]
[BlackFideId "16208498"]
[EventCountry "GER"]
[EventRounds "7"]
[EventType "team-swiss"]
[EventDate "2017.12.26"]

1. e4 c5 2. Nf3 a6 3. Be2 e6 4. O-O Qc7 5. Nc3 Nc6 6. d3 Nf6 7. Bg5 Be7 8. Qd2
O-O 9. Rae1 d6 10. Kh1 b5 11. Nd1 Bb7 12. Ne3 h6 13. Bf4 Nh5 14. Bg3 Nxg3+ 15.
fxg3 Rad8 16. c3 d5 17. exd5 exd5 18. d4 cxd4 19. Nxd4 Nxd4 20. cxd4 Bg5 21.
Qd3 Rde8 22. Bf3 Qe7 23. Nc2 Qd6 24. h4 Bf6 25. Bd1 Qb6 26. Bf3 Rc8 27. b3 Qc7
28. Bd1 Qa5 29. a3 Rc3 30. Qd2 Qc7 31. Re3 Rxe3 32. Qxe3 Rc8 33. Rf3 Qe7 34.
Qxe7 Bxe7 35. Kg1 Bf6 36. Kf2 Re8 37. Re3 Kf8 38. Bg4 1/2-1/2

[Event "DVM U16 2017"]
[Site "Walldorf GER"]
[Date "2017.12.29"]
[Round "6"]
[White "Berstler, Tobias"]
[Black "Kreicarek, Tobias"]
[Result "1/2-1/2"]
[Termination "normal"]
[Board "5.4"]
[WhiteElo "1616"]
[BlackElo "1415"]
[WhiteClock "00:06:03"]
[BlackClock "00:02:40"]
[WhiteTeam "SK Bingen"]
[BlackTeam "SG Turm Leipzig"]
[PlyCount "60"]
[WhiteFideId "16242661"]
[BlackFideId "16255909"]
[EventCountry "GER"]
[EventRounds "7"]
[EventType "team-swiss"]
[EventDate "2017.12.26"]

1. e4 d5 2. exd5 Nf6 3. d4 Nxd5 4. c4 Nb6 5. Nf3 Bg4 6. Be2 e6 7. O-O Nc6 8. b3
Be7 9. Bb2 Bf6 10. c5 Nd5 11. h3 Bh5 12. Qd2 O-O 13. Ne5 Bxe2 14. Qxe2 Bxe5 15.
dxe5 Qe7 16. Rc1 Rad8 17. g3 Rd7 18. Nd2 Rfd8 19. Nf3 Ndb4 20. Qc4 Nd3 21. Rc2
Rd5 22. Qb5 Nxb2 23. Rxb2 Rxc5 24. Qxb7 Rb8 25. Qa6 Qd7 26. Rd2 Rd5 27. Rad1 g6
28. Kg2 Rd8 29. Rxd5 exd5 30. Qb5 Ne7 1/2-1/2

[Event "DVM U16 2017"]
[Site "Walldorf GER"]
[Date "2017.12.29"]
[Round "6"]
[White "von Estorff, Jacob"]
[Black "Biermann, Florian"]
[Result "0-1"]
[Termination "normal"]
[Board "6.1"]
[WhiteElo "1937"]
[BlackElo "1945"]
[WhiteClock "00:02:19"]
[BlackClock "00:54:51"]
[WhiteTeam "Post SV Uelzen"]
[BlackTeam "SG Bochum"]
[PlyCount "74"]
[WhiteFideId "12974501"]
[BlackFideId "12970069"]
[EventCountry "GER"]
[EventRounds "7"]
[EventType "team-swiss"]
[EventDate "2017.12.26"]

1. e4 c5 2. Nf3 e6 3. d4 cxd4 4. Nxd4 a6 5. Bd3 Nf6 6. O-O e5 7. Nb3 d6 8. Nc3
Be7 9. Nd5 Nxd5 10. exd5 Nd7 11. c4 Nf6 12. Nd2 Bd7 13. Qe2 Rb8 14. c5 O-O 15.
Nc4 Re8 16. cxd6 Bf8 17. Bg5 b5 18. Nd2 Bg4 19. Qe1 Bh5 20. Ne4 Bg6 21. Bxf6
gxf6 22. d7 Re7 23. Nxf6+ Kg7 24. Bxg6 hxg6 25. Ne4 Rxd7 26. d6 Bxd6 27. Nxd6
Rxd6 28. Qxe5+ Qf6 29. Qxf6+ Kxf6 30. f3 Rd2 31. Rf2 Rbd8 32. Raf1 Rxf2 33.
Rxf2 Rd1+ 34. Rf1 Rd2 35. Rb1 b4 36. h4 Ke5 37. Kh2 Kd4 0-1

[Event "DVM U16 2017"]
[Site "Walldorf GER"]
[Date "2017.12.29"]
[Round "6"]
[White "Biermann, Lenhard"]
[Black "Knüdel, Torben"]
[Result "0-1"]
[Termination "normal"]
[Board "6.2"]
[WhiteElo "1941"]
[BlackElo "1825"]
[WhiteClock "00:16:51"]
[BlackClock "00:54:38"]
[WhiteTeam "SG Bochum"]
[BlackTeam "Post SV Uelzen"]
[PlyCount "54"]
[WhiteFideId "12970077"]
[BlackFideId "16208820"]
[EventCountry "GER"]
[EventRounds "7"]
[EventType "team-swiss"]
[EventDate "2017.12.26"]

1. d4 Nf6 2. Nf3 e6 3. c4 d5 4. g3 Be7 5. Bg2 O-O 6. O-O dxc4 7. Qc2 a6 8. Qxc4
b5 9. Qc2 Bb7 10. Bd2 Be4 11. Qc1 c6 12. Rd1 Nbd7 13. Nc3 Bg6 14. b3 Rc8 15.
Qb2 Qb6 16. Rac1 Rfd8 17. h3 c5 18. Be3 Qa5 19. dxc5 Nxc5 20. Nd4 b4 21. Nb1
Nd5 22. Bxd5 Rxd5 23. Nd2 Qd8 24. N2f3 Bf6 25. Re1 Be4 26. Rc4 Bxf3 27. exf3
Nd3 0-1

[Event "DVM U16 2017"]
[Site "Walldorf GER"]
[Date "2017.12.29"]
[Round "6"]
[White "Rothenberg, Jannik"]
[Black "Gluma, Christian"]
[Result "1-0"]
[Termination "normal"]
[Board "6.3"]
[WhiteElo "1768"]
[BlackElo "1623"]
[WhiteClock "00:10:29"]
[BlackClock "00:09:38"]
[WhiteTeam "Post SV Uelzen"]
[BlackTeam "SG Bochum"]
[PlyCount "101"]
[WhiteFideId "16204743"]
[BlackFideId "16223209"]
[EventCountry "GER"]
[EventRounds "7"]
[EventType "team-swiss"]
[EventDate "2017.12.26"]

1. d4 e6 2. c4 d5 3. Nc3 Nf6 4. cxd5 exd5 5. Bg5 Be7 6. e3 O-O 7. Bd3 c6 8. Qc2
h6 9. Bh4 Re8 10. h3 Nbd7 11. Nf3 Nf8 12. O-O Nh5 13. Bxe7 Rxe7 14. Rab1 b6 15.
b4 Bb7 16. a4 Ne6 17. Rfc1 Nf6 18. Nd2 Rc8 19. Bf5 Qe8 20. Nb3 g6 21. Bxe6 fxe6
22. Qd3 Rec7 23. Rb2 Kg7 24. Rbc2 Qe7 25. Na2 Qd6 26. a5 Nd7 27. h4 Nf6 28. Nd2
g5 29. Nf3 Rg8 30. Ne5 Kf8 31. axb6 axb6 32. hxg5 Rxg5 33. f4 Rg3 34. f5 Rcg7
35. Rf1 Ne4 36. fxe6+ Ke8 37. Qd1 R7g5 38. Rf7 Bc8 39. Rxc6 Rxg2+ 40. Kh1 Qxc6
41. Nxc6 Nf2+ 42. Rxf2 Rxf2 43. Nc3 Bxe6 44. Ne5 Kf8 45. Qe1 Rgg2 46. Nf3 Bg4
47. Nh4 Rh2+ 48. Kg1 Rc2 49. Nxd5 Be6 50. Nf4 Bg4 51. Nhg2 1-0

[Event "DVM U16 2017"]
[Site "Walldorf GER"]
[Date "2017.12.29"]
[Round "6"]
[White "Färber, David"]
[Black "Runte, Moritz"]
[Result "1-0"]
[Termination "normal"]
[Board "7.1"]
[WhiteElo "2147"]
[BlackElo "1978"]
[WhiteClock "00:04:27"]
[BlackClock "00:01:39"]
[WhiteTeam "SV 1947 Walldorf"]
[BlackTeam "SV Hemer"]
[PlyCount "117"]
[WhiteFideId "12971294"]
[BlackFideId "12991449"]
[EventCountry "GER"]
[EventRounds "7"]
[EventType "team-swiss"]
[EventDate "2017.12.26"]

1. e4 e5 2. Nf3 Nc6 3. Bb5 a6 4. Ba4 Nf6 5. O-O Be7 6. d3 b5 7. Bb3 d6 8. a3
O-O 9. Nc3 Be6 10. Nd5 Bxd5 11. exd5 Nb8 12. Re1 Re8 13. Bg5 h6 14. Bh4 Ra7 15.
Bg3 c6 16. a4 bxa4 17. Bxa4 Nxd5 18. d4 e4 19. Rxe4 Nf6 20. Re2 Qc8 21. Qd3
Nbd7 22. Qc4 Rc7 23. Bb3 d5 24. Qxa6 Rb7 25. Rae1 Ne4 26. Qd3 Bb4 27. Ra1 Ndf6
28. Ne5 Bd6 29. Rae1 Bb4 30. Rc1 Bd6 31. c4 Qf5 32. Ba4 dxc4 33. Qf3 Nxg3 34.
hxg3 Qxf3 35. gxf3 Nd7 36. Bxc6 Rc7 37. Bxd7 Rxd7 38. Rxc4 Rde7 39. Rc6 Bb8 40.
Re4 Bxe5 41. dxe5 Rxe5 42. Rcc4 Rxe4 43. fxe4 Rb8 44. b4 h5 45. f4 g6 46. Kf2
Kf8 47. Ke3 Ke7 48. Kd4 Kd6 49. e5+ Kd7 50. Kc5 Kc7 51. b5 Re8 52. Ra4 Kb8 53.
b6 Rc8+ 54. Kd6 Re8 55. Ra7 Re6+ 56. Kd5 Rxb6 57. Rxf7 Rb3 58. e6 Re3 59. Kd6
1-0

[Event "DVM U16 2017"]
[Site "Walldorf GER"]
[Date "2017.12.29"]
[Round "6"]
[White "Baureis, Julian"]
[Black "Mai, Artur"]
[Result "1-0"]
[Termination "normal"]
[Board "7.3"]
[WhiteElo "1609"]
[BlackElo "1578"]
[WhiteClock "00:44:49"]
[BlackClock "00:18:12"]
[WhiteTeam "SV 1947 Walldorf"]
[BlackTeam "SV Hemer"]
[PlyCount "57"]
[WhiteFideId "12991112"]
[BlackFideId "16206851"]
[EventCountry "GER"]
[EventRounds "7"]
[EventType "team-swiss"]
[EventDate "2017.12.26"]

1. d4 d5 2. c4 e6 3. Nc3 Nf6 4. cxd5 exd5 5. Bg5 Be7 6. e3 O-O 7. Bd3 h6 8. Bh4
Be6 9. Nge2 c6 10. Qc2 Re8 11. f3 Nbd7 12. O-O-O c5 13. dxc5 Nxc5 14. Kb1 Qc8
15. Nd4 Nxd3 16. Qxd3 g5 17. Bf2 Bc5 18. Nce2 Qd7 19. h3 Rac8 20. g4 Bxd4 21.
Nxd4 Rc5 22. h4 Rec8 23. hxg5 hxg5 24. Rh6 Qe7 25. Rdh1 Kf8 26. Rh8+ Ng8 27.
Rxg8+ Kxg8 28. Qh7+ Kf8 29. Qh8# 1-0

[Event "DVM U16 2017"]
[Site "Walldorf GER"]
[Date "2017.12.29"]
[Round "6"]
[White "Naumenko, Valerija"]
[Black "Stepanski, Daniel"]
[Result "1/2-1/2"]
[Termination "normal"]
[Board "7.4"]
[WhiteElo "1493"]
[BlackElo "1320"]
[WhiteClock "00:21:16"]
[BlackClock "00:11:48"]
[WhiteTeam "SV Hemer"]
[BlackTeam "SV 1947 Walldorf"]
[PlyCount "114"]
[WhiteFideId "16222890"]
[BlackFideId "16247337"]
[EventCountry "GER"]
[EventRounds "7"]
[EventType "team-swiss"]
[EventDate "2017.12.26"]

1. e4 e5 2. Nf3 Nc6 3. Bc4 Bc5 4. c3 Nf6 5. d3 a6 6. Bb3 Ba7 7. Nbd2 d6 8. h3
Ne7 9. Nf1 Ng6 10. Ng3 O-O 11. O-O c6 12. d4 h6 13. dxe5 dxe5 14. Be3 Bxe3 15.
fxe3 Qb6 16. Qe2 Nf4 17. Qf2 Ng6 18. Rad1 Qc5 19. Kh1 Re8 20. Nd2 Qe7 21. Nf5
Bxf5 22. exf5 Nf8 23. e4 N8d7 24. Bc2 b5 25. Qe3 Nh5 26. Kh2 Rad8 27. Nf3 Qc5
28. Qxc5 Nxc5 29. Rxd8 Rxd8 30. b4 Nb7 31. Nxe5 Rd6 32. Rd1 Rxd1 33. Bxd1 Nf6
34. Bf3 Nd8 35. Kg1 Kf8 36. Kf2 Ke7 37. Ke3 Kd6 38. Kd4 Ne8 39. c4 f6 40. c5+
Kc7 41. Bh5 fxe5+ 42. Kxe5 Nf6 43. Bg6 Kd7 44. a3 Ke7 45. g4 Nb7 46. Kf4 a5 47.
h4 axb4 48. axb4 Ng8 49. e5 Nd8 50. g5 hxg5+ 51. hxg5 Kf8 52. e6 Ne7 53. Bh5
Nd5+ 54. Ke5 Ke7 55. Bg6 Nb7 56. Bh5 Nd8 57. Bg6 Nb7 1/2-1/2

[Event "DVM U16 2017"]
[Site "Walldorf GER"]
[Date "2017.12.29"]
[Round "6"]
[White "Jakob, Georg"]
[Black "Mühlpfordt, Thomas"]
[Result "1/2-1/2"]
[Termination "normal"]
[Board "8.1"]
[WhiteElo "1959"]
[BlackElo "1951"]
[WhiteClock "00:01:46"]
[BlackClock "00:10:36"]
[WhiteTeam "SG Königskinder Hohentübingen"]
[BlackTeam "SC 1997 Lambsheim"]
[PlyCount "81"]
[WhiteFideId "16224221"]
[BlackFideId "12986623"]
[EventCountry "GER"]
[EventRounds "7"]
[EventType "team-swiss"]
[EventDate "2017.12.26"]

1. e4 e5 2. Nf3 Nc6 3. Bb5 a6 4. Ba4 Nf6 5. d3 b5 6. Bb3 Bc5 7. c3 O-O 8. O-O
d6 9. Re1 h6 10. h3 Bb6 11. Nbd2 Na5 12. Bc2 c5 13. Nf1 Be6 14. Ng3 Nc6 15. a4
b4 16. Nh4 Ne7 17. Qf3 Nh7 18. Nhf5 Nxf5 19. exf5 Bd7 20. Bb3 Nf6 21. Ne4 Nxe4
22. dxe4 bxc3 23. bxc3 Ba5 24. g4 c4 25. Bc2 g5 26. h4 f6 27. Ba3 Rf7 28. Rad1
Be8 29. Rxd6 Rd7 30. Red1 Raa7 31. Qe2 Bf7 32. hxg5 hxg5 33. Qe3 Rxd6 34. Rxd6
Rd7 35. Rxd7 Qxd7 36. Kg2 Qc7 37. Bb4 Bb6 38. Qd2 Qd8 39. Qe2 Kg7 40. Qe1 a5
41. Ba3 1/2-1/2

[Event "DVM U16 2017"]
[Site "Walldorf GER"]
[Date "2017.12.29"]
[Round "6"]
[White "Wacker, Andreas"]
[Black "Hofele, Mathis"]
[Result "0-1"]
[Termination "normal"]
[Board "8.2"]
[WhiteElo "1823"]
[BlackElo "1685"]
[WhiteClock "00:01:15"]
[BlackClock "00:17:59"]
[WhiteTeam "SC 1997 Lambsheim"]
[BlackTeam "SG Königskinder Hohentübingen"]
[PlyCount "78"]
[WhiteFideId "12953083"]
[BlackFideId "12963844"]
[EventCountry "GER"]
[EventRounds "7"]
[EventType "team-swiss"]
[EventDate "2017.12.26"]

1. e4 c5 2. Nc3 d6 3. g3 Nc6 4. Bg2 g6 5. d3 Bg7 6. f4 e6 7. Be3 Nge7 8. Nf3
O-O 9. O-O Rb8 10. a4 Nd4 11. Qd2 a6 12. Nd1 Bd7 13. e5 dxe5 14. Nxe5 Nec6 15.
Nxc6 Bxc6 16. Bxc6 bxc6 17. Rb1 Qd5 18. Qf2 Rfe8 19. Nc3 Qh5 20. Qg2 Rbd8 21.
Ne4 e5 22. g4 Qh4 23. f5 Bh6 24. g5 Bg7 25. f6 Bf8 26. Bxd4 exd4 27. Rf3 Rxe4
28. dxe4 Qxe4 29. Rd1 c4 30. Qf1 Bc5 31. Kg2 Re8 32. Qxc4 Qg4+ 33. Rg3 Qxd1 34.
Qxc5 Re2+ 35. Kh3 Qf1+ 36. Kh4 Rxh2+ 37. Kg4 Qe2+ 38. Rf3 Qe4+ 39. Rf4 Qg2# 0-1

[Event "DVM U16 2017"]
[Site "Walldorf GER"]
[Date "2017.12.29"]
[Round "6"]
[White "Hurm, Moritz"]
[Black "Dalchow, Jonas"]
[Result "0-1"]
[Termination "normal"]
[Board "8.3"]
[WhiteElo "1690"]
[BlackElo "1758"]
[WhiteClock "00:14:58"]
[BlackClock "00:15:25"]
[WhiteTeam "SG Königskinder Hohentübingen"]
[BlackTeam "SC 1997 Lambsheim"]
[PlyCount "88"]
[WhiteFideId "16235150"]
[BlackFideId "12971251"]
[EventCountry "GER"]
[EventRounds "7"]
[EventType "team-swiss"]
[EventDate "2017.12.26"]

1. e4 c6 2. d4 d5 3. exd5 cxd5 4. c3 Bf5 5. Bd3 Bxd3 6. Qxd3 e6 7. Nf3 Bd6 8.
O-O Nc6 9. Na3 Bxa3 10. bxa3 Nge7 11. Rb1 b6 12. h4 Na5 13. h5 h6 14. Ne5 Rc8
15. Qg3 Nf5 16. Qf3 Nc4 17. Re1 Nxe5 18. Rxe5 Kd7 19. c4 f6 20. Rxf5 exf5 21.
cxd5 Re8 22. Bd2 Ke7 23. Qxf5 Kf8 24. Qh7 Qxd5 25. Bxh6 gxh6 26. Qxh6+ Ke7 27.
Qg7+ Kd6 28. Qxf6+ Kc7 29. Rc1+ Kb8 30. Rxc8+ Rxc8 31. Qe5+ Qxe5 32. dxe5 Kc7
33. f4 Kd7 34. Kf2 Rc3 35. h6 Rc6 36. Kf3 Rxh6 37. f5 Rh4 38. g4 Rh3+ 39. Kf4
Ke7 40. Kg5 Rxa3 41. Kg6 Re3 42. e6 b5 43. g5 Rf3 44. Kg7 Rxf5 0-1

[Event "DVM U16 2017"]
[Site "Walldorf GER"]
[Date "2017.12.29"]
[Round "6"]
[White "Dalchow, Mario"]
[Black "Hurm, Yannik"]
[Result "0-1"]
[Termination "normal"]
[Board "8.4"]
[WhiteElo "1619"]
[BlackElo "1646"]
[WhiteClock "00:04:19"]
[BlackClock "00:05:08"]
[WhiteTeam "SC 1997 Lambsheim"]
[BlackTeam "SG Königskinder Hohentübingen"]
[PlyCount "66"]
[WhiteFideId "12971421"]
[BlackFideId "16235169"]
[EventCountry "GER"]
[EventRounds "7"]
[EventType "team-swiss"]
[EventDate "2017.12.26"]

1. e4 c5 2. Nf3 a6 3. c4 Qc7 4. d4 cxd4 5. Nxd4 Nf6 6. Nc3 e6 7. f3 Bc5 8. Be3
Nc6 9. Nc2 Be7 10. Be2 O-O 11. O-O b6 12. Qd2 Rd8 13. Rad1 Rb8 14. a4 Na5 15.
Qd3 Nb3 16. Na2 Nc5 17. Qa3 d5 18. b4 Ncd7 19. exd5 exd5 20. Qb3 Bb7 21. Nd4
Bd6 22. f4 g6 23. Rc1 Nf8 24. Bf3 Qe7 25. Bxd5 Nxd5 26. cxd5 Bxd5 27. Qd3 Re8
28. Rfe1 Rbc8 29. Rxc8 Rxc8 30. Bd2 Qd7 31. Nc3 Bc4 32. Qe3 Bxb4 33. Nde2 Bc5
0-1

[Event "DVM U16 2017"]
[Site "Walldorf GER"]
[Date "2017.12.29"]
[Round "6"]
[White "Reindl, Knut"]
[Black "Schäfer, Nicolas"]
[Result "1/2-1/2"]
[Termination "normal"]
[Board "9.1"]
[WhiteElo "1814"]
[BlackElo "1668"]
[WhiteTeam "SG Schwäbisch Gmünd"]
[BlackTeam "SVG Saarbrücken"]
[PlyCount "86"]
[WhiteFideId "12946753"]
[BlackFideId "12988901"]
[EventCountry "GER"]
[EventRounds "7"]
[EventType "team-swiss"]
[EventDate "2017.12.26"]

1. c4 Nf6 2. Nf3 c5 3. g3 g6 4. Bg2 Bg7 5. Nc3 O-O 6. O-O Nc6 7. d3 d6 8. a3
Ne8 9. Rb1 a5 10. Bd2 Nc7 11. Ne1 Rb8 12. Nc2 Nd4 13. b4 axb4 14. axb4 Na6 15.
bxc5 Nxc5 16. Nxd4 Bxd4 17. Nb5 Bg7 18. Bc3 Bd7 19. Bxg7 Kxg7 20. Nc3 Bc6 21.
Qc2 Bxg2 22. Kxg2 e6 23. Qb2 Qf6 24. Rfc1 Rfc8 25. Qd2 Nd7 26. Rb5 Kg8 27. Rcb1
b6 28. h4 Qe7 29. Qe3 Rc5 30. R5b2 Re5 31. Qd2 Rc5 32. Rb5 Rbc8 33. R5b2 Rb8
34. Rb4 Rc7 35. Qe3 Qd8 36. Qd4 Rc6 37. Rb5 Qf8 38. Na4 Qd8 39. R1b2 Nc5 40.
Nxc5 Rxc5 41. Qc3 Qc7 42. Qb3 Rc6 43. Rb4 Qb7 1/2-1/2

[Event "DVM U16 2017"]
[Site "Walldorf GER"]
[Date "2017.12.29"]
[Round "6"]
[White "Reindl, Jork"]
[Black "Zha, Kevin"]
[Result "1/2-1/2"]
[Termination "normal"]
[Board "9.3"]
[WhiteElo "1648"]
[BlackElo "1516"]
[WhiteTeam "SG Schwäbisch Gmünd"]
[BlackTeam "SVG Saarbrücken"]
[PlyCount "150"]
[WhiteFideId "16200152"]
[BlackFideId "16208951"]
[EventCountry "GER"]
[EventRounds "7"]
[EventType "team-swiss"]
[EventDate "2017.12.26"]

1. e4 d5 2. exd5 Qxd5 3. Nc3 Qd6 4. Nf3 Nf6 5. d4 a6 6. Be3 b5 7. Bd3 Bb7 8. h3
e6 9. a3 Be7 10. Be2 O-O 11. O-O Nbd7 12. Qc1 Rfd8 13. Rd1 Rac8 14. Nh2 Nd5 15.
Nxd5 Bxd5 16. Bf3 Nb6 17. b3 h6 18. Bf4 Qc6 19. Bxd5 Nxd5 20. Be5 f6 21. Bg3
Nc3 22. Re1 Rxd4 23. Qe3 e5 24. Qf3 Qxf3 25. Nxf3 Rd7 26. Re3 Nd5 27. Re2 Rcd8
28. Ree1 Bc5 29. a4 Nc3 30. axb5 e4 31. Nh2 axb5 32. Nf1 Bb6 33. Ne3 g6 34. Ng4
Kg7 35. Bf4 h5 36. Ne3 g5 37. Bh2 Kg6 38. g4 Rd2 39. Kf1 hxg4 40. hxg4 Rh8 41.
Bg3 Rh1+ 42. Kg2 Rxe1 43. Rxe1 Bxe3 44. Rxe3 Rxc2 45. Re1 c6 46. Ra1 Ne2 47.
Re1 Nxg3 48. Kxg3 Rc3+ 49. Kg2 Rxb3 50. Rxe4 b4 51. Rc4 Rb1 52. Rxc6 b3 53. Rb6
b2 54. f3 Kf7 55. Kh2 Ke7 56. Kg2 Kd7 57. Rb7+ Kc6 58. Rb8 Kd6 59. Rb5 Kc6 60.
Rb8 Kc5 61. Rc8+ Kd4 62. Rd8+ Ke3 63. Re8+ Kd2 64. Rd8+ Ke3 65. Re8+ Kd4 66.
Rd8+ Ke5 67. Re8+ Kd6 68. Rb8 Ke7 69. Rb7+ Ke8 70. Rb8+ Kf7 71. Rb7+ Kg6 72.
Rb6 Kf7 73. Rb7+ Ke6 74. Rb6+ Ke5 75. Rb8 Kd4 1/2-1/2

[Event "DVM U16 2017"]
[Site "Walldorf GER"]
[Date "2017.12.29"]
[Round "6"]
[White "Schmied, Elias"]
[Black "Schmid, Tim"]
[Result "1-0"]
[Termination "normal"]
[Board "9.4"]
[WhiteElo "1475"]
[BlackElo "1055"]
[WhiteTeam "SVG Saarbrücken"]
[BlackTeam "SG Schwäbisch Gmünd"]
[PlyCount "59"]
[WhiteFideId "16255879"]
[BlackFideId "16255925"]
[EventCountry "GER"]
[EventRounds "7"]
[EventType "team-swiss"]
[EventDate "2017.12.26"]

1. e4 e5 2. Nf3 Nc6 3. Bb5 Nf6 4. d3 Bc5 5. O-O O-O 6. Bxc6 bxc6 7. Nxe5 d6 8.
Nxc6 Qe8 9. Na5 Bb4 10. Nb3 Bg4 11. f3 Bh5 12. a3 Bc5+ 13. Nxc5 dxc5 14. Be3
Qe5 15. Nc3 Rad8 16. Qe2 Nd7 17. Qf2 f5 18. exf5 Rde8 19. Rfe1 g6 20. fxg6 Bxg6
21. Bh6 Qh5 22. Bxf8 Rxf8 23. Re7 Ne5 24. Re1 Nc6 25. Rxc7 Ne5 26. Rxc5 Rxf3
27. gxf3 Nxf3+ 28. Kh1 Qxh2+ 29. Qxh2 Nxh2 30. Kxh2 1-0

[Event "DVM U16 2017"]
[Site "Walldorf GER"]
[Date "2017.12.29"]
[Round "6"]
[White "Yaroshenko, Yaroslav"]
[Black "Jahn, Felix"]
[Result "0-1"]
[Termination "normal"]
[Board "10.1"]
[WhiteElo "1655"]
[BlackElo "1648"]
[WhiteTeam "SK Gräfelfing"]
[BlackTeam "BSG Grün-Weiß Leipzig"]
[PlyCount "80"]
[WhiteFideId "16204905"]
[BlackFideId "12983632"]
[EventCountry "GER"]
[EventRounds "7"]
[EventType "team-swiss"]
[EventDate "2017.12.26"]

1. e4 e6 2. d4 d5 3. Nc3 Nf6 4. Bg5 Be7 5. e5 Nfd7 6. h4 h6 7. Bxe7 Qxe7 8. Qg4
O-O 9. Bd3 c5 10. f4 f5 11. Qh3 cxd4 12. Nb5 Nc5 13. Nd6 Nxd3+ 14. Qxd3 Nd7 15.
Qxd4 b6 16. Ne2 Nc5 17. Nc3 Ba6 18. O-O-O Nb7 19. Nxb7 Qxb7 20. h5 Rac8 21.
Rhg1 Rc4 22. Qe3 Qc7 23. g4 d4 24. Rxd4 Qc5 25. Rgd1 Rxd4 26. Qxd4 Qxd4 27.
Rxd4 fxg4 28. Nd1 g3 29. Ne3 Bb7 30. Rd1 g2 31. f5 exf5 32. Rg1 f4 33. Nxg2 Rf5
34. Ne1 f3 35. Rf1 Rxh5 36. Nxf3 Bxf3 37. Rxf3 Rxe5 38. Kd2 g5 39. c4 Kg7 40.
b4 Kg6 0-1

[Event "DVM U16 2017"]
[Site "Walldorf GER"]
[Date "2017.12.29"]
[Round "6"]
[White "Reichelt, Marius"]
[Black "Khamenya, Vitalia"]
[Result "0-1"]
[Termination "normal"]
[Board "10.2"]
[WhiteElo "1536"]
[BlackElo "1881"]
[WhiteTeam "BSG Grün-Weiß Leipzig"]
[BlackTeam "SK Gräfelfing"]
[PlyCount "108"]
[WhiteFideId "16224019"]
[BlackFideId "12959260"]
[EventCountry "GER"]
[EventRounds "7"]
[EventType "team-swiss"]
[EventDate "2017.12.26"]

1. e4 d5 2. exd5 Qxd5 3. Nc3 Qd6 4. d4 Nf6 5. Nf3 a6 6. Bc4 b5 7. Bb3 Bb7 8.
O-O e6 9. h3 Be7 10. Re1 O-O 11. Bg5 Nbd7 12. d5 e5 13. Ne4 Nxe4 14. Bxe7 Qxe7
15. Rxe4 Qd6 16. Qe2 f6 17. c4 bxc4 18. Bxc4 Nb6 19. Rd1 Nxc4 20. Qxc4 Rfd8 21.
Re3 Bxd5 22. Qc2 c6 23. Rc3 Qb4 24. a3 Qe4 25. Qd3 Qxd3 26. Rcxd3 e4 27. Rd4
exf3 28. gxf3 Rdb8 29. b4 Bxf3 30. R1d3 Bd5 31. Re3 Re8 32. Rdd3 Rxe3 33. Rxe3
Kf7 34. Kh2 Re8 35. Kg3 Rxe3+ 36. fxe3 Ke6 37. Kf4 Kd6 38. e4 Be6 39. h4 c5 40.
Ke3 cxb4 41. axb4 Kc6 42. Kd4 Kb5 43. Kc3 g5 44. hxg5 fxg5 45. e5 g4 46. Kd4
Kxb4 47. Ke4 a5 48. Kd3 a4 49. Kc2 g3 50. Kb2 g2 51. Ka1 g1=Q+ 52. Kb2 Qf2+ 53.
Kc1 Kc3 54. Kb1 Qb2# 0-1

[Event "DVM U16 2017"]
[Site "Walldorf GER"]
[Date "2017.12.29"]
[Round "6"]
[White "Zieringer, Sebastian"]
[Black "Kannengießer, Louis"]
[Result "1-0"]
[Termination "normal"]
[Board "10.3"]
[WhiteElo "1796"]
[BlackElo "1556"]
[WhiteTeam "SK Gräfelfing"]
[BlackTeam "BSG Grün-Weiß Leipzig"]
[PlyCount "97"]
[WhiteFideId "16222008"]
[BlackFideId "16206800"]
[EventCountry "GER"]
[EventRounds "7"]
[EventType "team-swiss"]
[EventDate "2017.12.26"]

1. e4 e5 2. f4 exf4 3. Nf3 Bb4 4. Bc4 d6 5. O-O Nf6 6. Re1 Nc6 7. c3 Ba5 8. d4
Bg4 9. Bxf4 O-O 10. Bg5 Bb6 11. Kh1 Re8 12. Nbd2 h6 13. Bh4 g5 14. Bf2 Qd7 15.
Bb5 Re7 16. Bg1 d5 17. e5 Nh5 18. g3 Qe6 19. Nf1 Ng7 20. Ne3 Nd8 21. Nxg4 Qxg4
22. Kg2 c6 23. Bd3 Qd7 24. Bc2 Re6 25. Qd3 Rg6 26. Be3 Nge6 27. Kf2 Qe7 28. h4
g4 29. h5 gxf3 30. hxg6 fxg6 31. Bxh6 Qh7 32. Qxg6+ Qxg6 33. Bxg6 Nf7 34. Bxf7+
Kxf7 35. Kxf3 Kg6 36. Be3 Rf8+ 37. Kg2 Bd8 38. Rf1 Rg8 39. Rf3 Be7 40. Rh1 Ng5
41. Bxg5 Bxg5 42. Rhf1 Be7 43. Rf7 Rg7 44. Rxg7+ Kxg7 45. Kh3 Bd8 46. Kg4 Be7
47. Kh5 b5 48. b4 a6 49. g4 1-0

[Event "DVM U16 2017"]
[Site "Walldorf GER"]
[Date "2017.12.29"]
[Round "6"]
[White "Westphal, Simon"]
[Black "Stepanov, Maximilian"]
[Result "1-0"]
[Termination "normal"]
[Board "10.4"]
[WhiteElo "1426"]
[BlackElo "1303"]
[WhiteTeam "BSG Grün-Weiß Leipzig"]
[BlackTeam "SK Gräfelfing"]
[PlyCount "97"]
[WhiteFideId "16255917"]
[BlackFideId "16244680"]
[EventCountry "GER"]
[EventRounds "7"]
[EventType "team-swiss"]
[EventDate "2017.12.26"]

1. e4 e5 2. Nf3 Nc6 3. d4 exd4 4. Nxd4 Nxd4 5. Qxd4 d6 6. Nc3 Ne7 7. Be3 Nc6 8.
Bb5 Bd7 9. Qd2 Ne5 10. Be2 Be7 11. O-O O-O 12. Rad1 Bf6 13. Nd5 Be6 14. Nxf6+
Qxf6 15. Bg5 Qg6 16. f4 Qxe4 17. fxe5 Qxe5 18. b3 f6 19. Be3 Bf7 20. Bf2 Qe7
21. Bf3 Rab8 22. Rfe1 Qd7 23. Bxa7 Ra8 24. Qf2 c5 25. Bxc5 Rxa2 26. Rxd6 Qc8
27. Rd2 Rd8 28. Red1 Rxd2 29. Rxd2 Ra1+ 30. Rd1 Ra2 31. Bxb7 Qb8 32. Qd4 h6 33.
Qd8+ Qxd8 34. Rxd8+ Kh7 35. Be4+ Bg6 36. Bxg6+ Kxg6 37. c4 Kf7 38. b4 Rc2 39.
Rd4 Rc1+ 40. Kf2 Ke6 41. b5 Rc2+ 42. Kf3 g5 43. b6 Rb2 44. g4 Rxh2 45. Bd6 Rb2
46. c5 Kd7 47. Ke4 Re2+ 48. Kd5 Rb2 49. c6+ 1-0

[Event "DVM U16 2017"]
[Site "Walldorf GER"]
[Date "2017.12.30"]
[Round "7"]
[White "Engel, Luis"]
[Black "Silber, Kevin"]
[Result "1-0"]
[Termination "normal"]
[Board "1.1"]
[WhiteElo "2362"]
[BlackElo "2038"]
[WhiteClock "01:01:20"]
[BlackClock "00:13:05"]
[WhiteTeam "Hamburger SK"]
[BlackTeam "Delmenhorster SK"]
[PlyCount "47"]
[WhiteFideId "12961523"]
[BlackFideId "12930440"]
[EventCountry "GER"]
[EventRounds "7"]
[EventType "team-swiss"]
[EventDate "2017.12.26"]

1. e4 e5 2. Nf3 Nc6 3. Bc4 Nf6 4. d3 Bc5 5. c3 a6 6. Nbd2 d6 7. Bb3 Ba7 8. O-O
O-O 9. h3 h6 10. Re1 Re8 11. Nf1 Be6 12. Bc2 d5 13. exd5 Bxd5 14. Ng3 Qd7 15.
Be3 b5 16. Bxa7 Rxa7 17. Re3 Raa8 18. Qe2 Bxf3 19. Qxf3 Nd5 20. Ree1 b4 21. Ne4
Red8 22. Nc5 Qc8 23. Bb3 e4 24. dxe4 1-0